Olympischer Medaillenspiegel - Wasserspringen - Statistiken

Allgemein
  • Dieses Quiz wurde 28 mal gespielt
  • Das Durchschnittsergebnis liegt bei 12 aus 14
Antwortstatistiken
Gesamt Gold Silber Bronze Land % Korrekt
81 47 24 10 China
100%
141 49 46 46 Vereinigte Staaten
100%
7 2 2 3 DDR
96%
22 2 8 12 Deutschland
96%
4 3 1 0 Gesamtdeutsche Mannschaft
96%
14 1 5 8 Kanada
89%
18 4 8 6 Russland
85%
11 3 5 3 Italien
81%
14 4 4 6 Sowjetunion
81%
3 0 2 1 Vereintes Team
81%
14 3 3 8 Australien
78%
13 2 3 8 Großbritannien
74%
15 1 7 7 Mexiko
74%
21 6 8 7 Schweden
44%
Keine übereinstimmenden Quizze gefunden
Verteilung der Resultate
Anzahl Personen mit jedem Resultat
Perzentil nach korrekt beantworteten Fragen
Ihre Resultats-Entwicklung
Sie haben dieses Quiz noch nicht gespielt